Missing Word: Ernest Hemingway Quiz Stats

 Plays Quiz Updated Apr 15, 2015

Challenge
Share
Tweet
Embed
Score 0/16 Timer 02:00
0 Plays Today
Hemingway Work Missing Word % Correct
The _______ Also RisesSun
95.3%
The Old _______ and the SeaMan
94.9%
For Whom the Bell _______Tolls
94.2%
To Have and Have _______Not
87%
A _______ to ArmsFarewell
84.9%
The Garden of _______Eden
72.5%
The Short Happy _______ of Francis MacomberLife
60.9%
A Moveable _______Feast
43.7%
Hemingway Work Missing Word % Correct
Islands in the _______Stream
41.4%
Across the _______ and into the TreesRiver
38.1%
_______ in the AfternoonDeath
21.6%
True at First _______Light
18.9%
A Clean, Well-Lighted _______Place
16.6%
The Torrents of _______Spring
10.4%
The Dangerous _______Summer
9.8%
_______ CampIndian
5%

Today's Daily Dose

Missing Word
Biopics

Word Ladder
Food Idioms

Quick Pick
Diets

On This Day
December 18th II

You're not logged in!

Compare scores with friends on all Sporcle quizzes.
OR
Log In

You Might Also Like...

Show Comments

Extras

Top Quizzes Today


Score Distribution

Your Account Isn't Verified!

In order to create a playlist on Sporcle, you need to verify the email address you used during registration. Go to your Sporcle Settings to finish the process.

Report this User

Report this user for behavior that violates our Community Guidelines.

Details: